| 000 | 01213nam0a22002891 4500 | ||
|---|---|---|---|
| 001 | rc\2119724 | ||
| 005 | 20260406122705.0 | ||
| 035 | _a(NLR Aleph) 006521508 | ||
| 090 |
_a6435358 _c6435358 |
||
| 100 | _a20110826d1979 |||y0rusy50 ca | ||
| 101 | 0 | _arus | |
| 102 | _aRU | ||
| 105 | _ay z ||||| | ||
| 200 | 1 |
_aИнформационное издание _fНауч. совет АН СССР по комплекс. пробл. "Экон. соревнование двух систем" |
|
| 210 |
_aМосква _cБ. и. _d1979 |
||
| 215 |
_a68 с. _d20 |
||
| 320 | _aБиблиогр. в конце кн. (6 назв.) | ||
| 606 |
_aЭкономическое соревнование между социализмом н капитализмом _jСборники _2psbo |
||
| 686 |
_aУ011.797я43 _2rubbk |
||
| 710 | 0 | 2 |
_aАН СССР _bНаучный совет по комплексной проблеме "Экономическое соревнование двух систем" _3RU\NLR\AUTH\8815358 _9303927 |
| 801 | 0 |
_aRU _bNLR _gpsbo |
|
| 801 | 1 |
_aRU _bELAR _2rusmarc |
|
| 852 |
_aNLR _j79-4/22871 |
||
| 899 |
_aRuMoRGB _jB 79-36/2070 |
||
| 899 |
_aRuMoRGB _jB 79-36/2071 |
||
| 942 | _cBOOK | ||
| 980 | _aNB | ||